Quizzes
Events
Quiz Creation
Community
Videos
Private Events
Remove Ads
Sign In
Join for FREE
Feedback
Dark Mode
Quiz Categories
Sports
Geography
Music
Movies
Television
Just For Fun
Miscellaneous
History
Literature
Language
Science
Gaming
Entertainment
Religion
Holiday
For Kids
Quiz Lab
Recent
Popular Today
Quiz Kudos Today
Editor Picks
Curator Picks
Quizzes by...
Day
Popularity
Type
Ratings
Length
Year
Community
Subscriptions
Recent Discussions
Orange Saloon
Badges
Playlists
Quests
Create
Leaderboards
Showdown
Live 5
Trivia Bingo
Activity
Puzzle Library
Sporcle Events
Private Events
Virtual Trivia
Globe League
Become a Host
Pub Owners
SporcleCon
Opinionation
Our Games
Videos
Blog
Mobile Apps
Partnerships
Remove Ads and Go Orange
Feedback
Sports
Athletes
MLB
NBA
NHL
NFL
Soccer
Sports Teams
WWE
NCAA
Football
Premier League
Basketball
Baseball
Hockey
Golf
Tennis
Cricket
Rugby
Auto Racing
Olympics
World Cup
Sports
Athletes
MLB
NBA
NHL
NFL
Soccer
Sports Teams
WWE
NCAA
Football
Premier League
Basketball
Baseball
Hockey
Golf
Tennis
Cricket
Rugby
Auto Racing
Olympics
World Cup
Random Quiz
Search Sporcle
×
Quiz Lab
Quiz Lab
Sports
Football
Type in answers that appear in a list
Type in answers that appear in a list
Classic
Best Score? Go Orange.
College Football Wins By State Stats
Can you name the Top 3 CFB Teams by wins in each state (FBS AND FCS)?
By
levittmi
12m
120 Questions
14.8K Plays
14,772 Plays
14,772 Plays
Comments
Comments
Give Quiz Kudos
Give Quiz Kudos
-
- Ratings
hide this ad
Replay
Link that replays current quiz
Next Quiz
Link to next quiz in quiz playlist
You Got
0%
They Got
Avg Score
63%
Avg Friend Score
Upgrade to see
Score Distribution
Jump to the score distribution portion of the page
Score
0/120
Timer
12:00
0
Plays Today
State
Team
% Correct
Alabama
Alabama
98.1%
Arizona
Arizona
94.7%
Arkansas
Arkansas
92.8%
California
Southern California
91.8%
Colorado
Colorado
91.7%
Florida
Florida
90.8%
Arizona
Arizona State
90.3%
Alabama
Auburn
90%
Hawaii
Hawaii
89.1%
California
California
88.8%
Georgia
Georgia
88.3%
Connecticut
Connecticut
87.8%
Florida
Miami
87.1%
Ohio
Miami (OH)
87.1%
Kansas
Kansas
85.8%
Illinois
Illinois
85.8%
Iowa
Iowa
85.7%
Colorado
Colorado State
84.7%
Idaho
Idaho
84.6%
Louisiana
Louisiana State
84.5%
Michigan
Michigan
84.2%
Georgia
Georgia Tech
83.8%
Kentucky
Kentucky
83.8%
Delaware
Delaware
83.4%
Mississippi
Mississippi
83%
Kansas
Kansas State
82.9%
Minnesota
Minnesota
82.3%
Michigan
Michigan State
82%
Missouri
Missouri
81.6%
Maine
Maine
81.6%
Nebraska
Nebraska
81.3%
Maryland/
DC
Maryland
80.6%
Montana
Montana
80.1%
Oklahoma
Oklahoma
79.9%
Nevada
Nevada
79.9%
New Mexico
New Mexico
79.6%
Texas
Texas
79.6%
Ohio
Ohio State
79.2%
Mississippi
Mississippi State
78.5%
Pennsylvania
Pennsylvania
78.5%
State
Team
% Correct
Oregon
Oregon
78.1%
California
Stanford
78.1%
Oklahoma
Oklahoma State
77.9%
North Carolina
North Carolina
77.5%
Tennessee
Tennessee
77.1%
Virginia
Virginia
76.9%
South Carolina
South Carolina
76.7%
Washington
Washington
76.6%
Utah
Utah
76.5%
Oregon
Oregon State
76.1%
West Virginia
West Virginia
75.4%
Wisconsin
Wisconsin
75.4%
Wyoming
Wyoming
74.5%
Indiana
Notre Dame
74.3%
New Mexico
New Mexico State
73.9%
Virginia
Virginia Tech
73.9%
Pennsylvania
Penn State
73.8%
Arkansas
Arkansas State
73.6%
Washington
Washington State
73.4%
Idaho
Boise State
73.2%
North Carolina
North Carolina State
73.2%
Nevada
UNLV
70.7%
New Jersey
Rutgers
70.7%
Massachusetts
Harvard
70.3%
Connecticut
Yale
69.5%
New Hampshire
New Hampshire
69.4%
Texas
Texas A&M
68.6%
Massachusetts
Boston College
67.9%
South Carolina
Clemson
67.8%
North Dakota
North Dakota State
67.4%
Utah
Utah State
67.4%
New York
Syracuse
66.7%
Montana
Montana State
66.1%
Idaho
Idaho State
65.7%
Rhode Island
Rhode Island
65.5%
Utah
Brigham Young
65.2%
Indiana
Purdue
64.5%
South Dakota
South Dakota State
62.9%
Pennsylvania
Pittsburgh
60%
New Jersey
Princeton
59%
State
Team
% Correct
Louisiana
Southern
58.2%
Delaware
Delaware State
56.8%
Rhode Island
Brown
54.7%
Tennessee
Vanderbilt
54.5%
Texas
Texas Christian
52.3%
West Virginia
Marshall
51.4%
Oklahoma
Tulsa
51.4%
Maryland/
DC
Navy
49.5%
Michigan
Central Michigan
48.8%
New Hampshire
Dartmouth
48.7%
Missouri
Missouri State
47.3%
Louisiana
Louisiana Tech
44.7%
Kentucky
Western Kentucky
44.5%
New York
Cornell
44.4%
New York
Army
44.2%
Maryland/
DC
Georgetown
43.9%
Illinois
Northern Illinois
43.2%
Mississippi
Southern Mississippi
40.7%
Iowa
Northern Iowa
36.8%
Georgia
Georgia Southern
36.6%
Arizona
Northern Arizona
33%
Oregon
Portland State
27.2%
Tennessee
Middle Tennessee State
24.7%
Washington
Eastern Washington
24.6%
Kentucky
Eastern Kentucky
24.5%
Florida
Florida A&M
23.6%
Colorado
Northern Colorado
22%
North Carolina
Appalachian State
21.2%
Iowa
Drake
20.5%
Arkansas
Arkansas-Pine Bluff
19.3%
Virginia
William & Mary
18.1%
Illinois
Western Illinois
16.7%
Alabama
Jacksonville State
15.7%
Indiana
Butler
14%
Ohio
Dayton
13.7%
South Carolina
Furman
12.7%
Missouri
Southeast Missouri State
11.7%
Connecticut
Central Connecticut State
11.4%
Massachusetts
Holy Cross
10.4%
New Jersey
Monmouth
7.3%
Quiz Playlist
Details
Report
Send in Message
Add To Playlist
Classic:
Type in answers that appear in a list
Quiz Source
Last Updated: Sep 1, 2017
Quiz Scoreboard
CHALLENGE
Sign Up to Join the Scoreboard
Show All
Scores
Hide
Comments
May contain spoilers
Recently Published
An Introduction to Baseball
by treessimontrees
Sports
5m
Movies - When Are They Set?
by FPL_Elf
Movies
5m
Popular People in 1961
by mucciniale
History
6m
More to Explore
Quiz From the Vault
Featured Blog Post
Where Did the Easter Bunny Come From?
hide this ad
You Might Also Like...
Tags
College Quiz
Football Quiz
State Quiz
cfb
CFB Teams
FBS
FCS
team
Top 3
Win
Today's Top Quizzes in Sports
Browse Sports
hide this ad
Today's Top Quizzes in Football
Browse Football
Top Contributed Quizzes in Sports
1
Les meilleurs buteurs des matchs entre le PSG et l’OM
2
2022 World Cup Stars
3
FIFA Club World Cup Champions
4
Les entraîneurs de l'OM et du PSG au 21e siècle
5
Name the Premier League winners with different clubs
6
La finale Lions - Afrique du Sud 2021
7
Criteria MLB: Left Handed Sluggers
8
Les joueurs passés par le LOSC et le RC Lens
9
Players with Multiple 50 Home Run Seasons
10
MLB Players with Two .350 Batting Average Seasons
Explore More
Trending Topics
NBA
Anime
Harry Potter
Kpop
Disney
Crossword
Marvel
Country
Soccer
Puzzle
NFL
WWE
The Office
Pokémon
Song
hide this ad
More By:
levittmi
Quiz
Plays
Rating
Category
Featured
Created
College Football Wins By State
14,772
4.01
Sports
Nov 20, 2009
NFL Team Top 5 Passers (Yds) 2000-2009
12,515
4.47
Sports
Nov 10, 2009
NFL Team Top 5 Rushers (Yds) 2000-2009
9,098
4.34
Sports
Nov 11, 2009
2000-2009 NBA Team Top 5 Rebound Leaders
5,974
4.40
Sports
Nov 15, 2009
2000-2009 NBA Head Coaches
2,226
4.08
Sports
Nov 3, 2009
Go to Creator's Profile
Score Distribution
Quiz Creator Spotlight
levittmi
Follow
Send a Message
Quizzes Created
-
Created Quiz Play Count
-
More By This Creator
Popular Quizzes Today
1
Find the Countries of Europe - No Outlines Minefield
2
Find the US States - No Outlines Minefield
3
The Countries of the World
4
Popular People in 1961
5
US States
6
1-10 Letter E Words III
7
Find the US States
8
One Thing in Common: World Cities II
More Sports Quizzes
Every WWE PPV Opponent of The Undertaker
Quiz Lab
Trending Quizzes
Risky Map Clicking: Least Populous States A-Z
1-10 Letter F Words
1-10 Letter G Words
One Thing in Common: United Kingdom
Risky Map Clicking: Next State Alphabetically
Recently Updated
Leaping Animals
pecheneg
Reality TV Shows (A-Z)
bhenderson79
Rickey Henderson's Hall of Fame Teammates
pecheneg
Champions League XIs: Arsenal
pecheneg
Quick Pick: Celebrities in WWE's Hall of Fame
aduchscher
A-Z Keypad Blitz II
pecheneg
Multiple Oscar Actors
pecheneg
Mystery Phrase Blitz: Oscar 'Best Actors'
pecheneg
F. Scott Fitzgerald Novels
LTH
Pick 3 Villains
ddd62291
Trending Topics
Marvel
Harry Potter
Crossword
Kpop
Disney
NBA
Anime
The Office
Soccer
NFL
Pokémon
WWE
Country
Song
Puzzle
Your Account Isn't Verified!
In order to create a playlist on Sporcle, you need to verify the email address you used during registration. Go to your
Sporcle Settings
to finish the process.
Report this User
Report this user for behavior that violates our
Community Guidelines
.
Details:
Send Report
Go to the Sporcle.com Mobile Site →
Comments